Microeconomic theory (Record no. 63731)

MARC details
000 -LEADER
fixed length control field 00409nam a2200169Ia 4500
008 - FIXED-LENGTH DATA ELEMENTS--GENERAL INFORMATION
fixed length control field 230917s9999||||xx |||||||||||||| ||und||
020 ## - ISBN
Price RS90
040 ## - CATALOGING SOURCE
-- 25273
Original cataloging agency VIVEKANANDA LIBRARY
041 ## - Language
-- English
082 ## - DDC NUMBER
Classification number 338.521 G729M
100 ## - MAIN ENTRY--PERSONAL NAME
Personal name Gould, John P
245 #0 - TITLE STATEMENT
Title Microeconomic theory
250 ## - EDITION STATEMENT
Edition statement 6th ed.
260 ## - PUBLICATION, DISTRIBUTION, ETC. (IMPRINT)
Place of publication, distribution, etc Delhi
Name of publisher, distributor, etc All India Traveller Bookseller
Date of publication, distribution, etc 1989
300 ## - PHYSICAL DESCRIPTION
Pages xvi, 640 p.
942 ## - ADDED ENTRY ELEMENTS (KOHA)
Koha item type Books
Holdings
Withdrawn status Lost status Damaged status Not for loan Location (home branch) Sublocation or collection (holding branch) Date acquired Koha issues (times borrowed) Koha full call number Accession No. Koha date last seen Koha item type Shelving location
        VIVEKANANDA LIBRARY VIVEKANANDA LIBRARY 29/08/2002   338.521 G729M 135776 17/09/2023 Books  
        VIVEKANANDA LIBRARY VIVEKANANDA LIBRARY 29/08/2002   338.521 G729M 135778 17/09/2023 Books  
        VIVEKANANDA LIBRARY VIVEKANANDA LIBRARY 29/08/2002   338.521 G729M 196780 17/09/2023 Books IMSAR Library
        VIVEKANANDA LIBRARY VIVEKANANDA LIBRARY 29/08/2002   338.521 G729M 216356 17/09/2023 Books IMSAR Library
        VIVEKANANDA LIBRARY VIVEKANANDA LIBRARY 29/08/2002   338.521 G729M 82629 17/09/2023 Books  
© Designed and Maintained by Vivekananda Library, MDU Rohtak